LEADER 00838nam a2200229 i 4500 001 000000081211 003 CaOOAMICUS 005 20180528000000.0 008 180528s1982 it u000 u ita u 013 $a53451 040 $aSeMil$bita 245 10$aUmberto Boccioni. 260 $aBiella :$bAprile Ronda,$c1982. 300 $a153 p. :$bill. ;$c31 cm. 490 0 $aArchivi del Novecento ;$v1. 600 14$aBoccioni, Umberto <1882-1916>.$0(OLS)http://semarc/subject/25235 830 0$aArchivi del Novecento ;$v1.$0(OLS)http://semarc/title/404394 850 $aSeMil 852 $aSeMil$W1$xVenegono$y1$m5F X 63$j46499$B46499$CSeMilBibl$Z2$F48810 $81 961 $aOmaggio: Giacomoni Silvia 996 $6245$aUmberto Boccioni$9(OLS)http://semarc/title/189420 996 $6260$aBiella :$bAprile Ronda$9(OLS)http://semarc/publisher/56256 LEADER 00906nam a2200205 i 4500 001 000000209248 003 CaOOAMICUS 005 20111212000000.0 008 111212s1901 it u000 u ita u 013 $a188037 040 $aSeMil$bita 100 1 $aMorandi, Luigi <1844-1922>.$0(OLS)http://semarc/name/74789 245 10$aCome fu educato Vittorio Emanuele 3. /$cRicordi di Luigi Morandi. 260 $aTorino [etc.] :$bDitta G. B. Paravia e Comp.,$cstampa 1901. 300 $aX, 148 p. :$bill. ;$c20 cm. 600 04$aVittorio Emanuele III : di Savoia .$0(OLS)http://semarc/subject/7265 850 $aSeMil 852 $aSeMil$W1$xVenegono$y1$m3T III 99$j159699$B159699$CSeMilBibl$Z2$F170750 $81 996 $6245$aCome fu educato Vittorio Emanuele 3.$9(OLS)http://semarc/title/302472 996 $6260$aTorino [etc.] :$bDitta G. B. Paravia e Comp.$9(OLS)http://semarc/publisher/35214